[Event "DEM U14 2023"]
[Site "Willingen GER"]
[Date "2023.05.31"]
[Round "5"]
[White "Petrow, Andre"]
[Black "Grabs, Peter"]
[Result "1/2-1/2"]
[Termination "normal"]
[Board "22"]
[BlackTitle "CM"]
[WhiteElo "1540"]
[BlackElo "1552"]
[WhiteClock "01:26:24"]
[BlackClock "00:17:09"]
[PlyCount "86"]
[WhiteFideId "34612815"]
[BlackFideId "16203887"]
[EventCountry "GER"]
[EventRounds "9"]
[EventType "swiss"]
[EventDate "2023.05.27"]

1. e4 {[%clk 01:30:59]} e6 {[%clk 01:30:56]} {[%emt 00:00:05]} 2. c4 {[%clk
01:31:23]} {[%emt 00:00:06]} d5 {[%clk 01:29:53]} {[%emt 00:01:33]} 3. cxd5
{[%clk 01:31:51]} {[%emt 00:00:02]} exd5 {[%clk 01:30:17]} {[%emt 00:00:06]} 4.
exd5 {[%clk 01:32:08]} {[%emt 00:00:02]} Qxd5 {[%clk 01:27:55]} {[%emt
00:03:02]} 5. Nc3 {[%clk 01:32:27]} {[%emt 00:00:12]} Qd8 {[%clk 01:22:47]}
{[%emt 00:05:38]} 6. d4 {[%clk 01:32:41]} {[%emt 00:00:16]} Nf6 {[%clk
01:22:56]} {[%emt 00:00:20]} 7. Nf3 {[%clk 01:33:03]} {[%emt 00:00:08]} Bb4
{[%clk 01:22:28]} {[%emt 00:00:58]} 8. Bc4 {[%clk 01:33:16]} {[%emt 00:00:16]}
O-O {[%clk 01:22:06]} {[%emt 00:00:52]} 9. h3 {[%clk 01:33:20]} {[%emt
00:00:27]} Re8+ {[%clk 01:21:27]} {[%emt 00:01:10]} 10. Be3 {[%clk 01:33:41]}
{[%emt 00:00:08]} Be6 {[%clk 01:16:43]} {[%emt 00:05:15]} 11. Bxe6 {[%clk
01:33:38]} {[%emt 00:00:32]} Rxe6 {[%clk 01:17:05]} {[%emt 00:00:09]} 12. O-O
{[%clk 01:33:59]} {[%emt 00:00:09]} c6 {[%clk 01:15:26]} {[%emt 00:02:09]} 13.
Qb3 {[%clk 01:31:21]} {[%emt 00:03:08]} Bxc3 {[%clk 00:57:10]} {[%emt
00:18:46]} 14. bxc3 {[%clk 01:29:52]} {[%emt 00:01:58]} Qc7 {[%clk 00:54:09]}
{[%emt 00:03:32]} 15. Ne5 {[%clk 01:26:50]} {[%emt 00:03:32]} Nbd7 {[%clk
00:51:47]} {[%emt 00:02:51]} 16. Bf4 {[%clk 01:24:37]} {[%emt 00:02:43]} Nd5
{[%clk 00:50:59]} {[%emt 00:01:19]} 17. Bg3 {[%clk 01:23:58]} {[%emt 00:01:08]}
Nxe5 {[%clk 00:51:12]} {[%emt 00:00:18]} 18. Bxe5 {[%clk 01:23:49]} {[%emt
00:00:38]} Qd7 {[%clk 00:50:47]} {[%emt 00:00:56]} 19. c4 {[%clk 01:19:55]}
{[%emt 00:04:24]} Ne7 {[%clk 00:47:35]} {[%emt 00:03:42]} 20. Rad1 {[%clk
01:17:28]} {[%emt 00:02:58]} Rd8 {[%clk 00:43:45]} {[%emt 00:04:18]} 21. Bh2
{[%clk 01:10:30]} {[%emt 00:07:28]} Rg6 {[%clk 00:26:58]} {[%emt 00:17:17]} 22.
Rd3 {[%clk 01:08:51]} {[%emt 00:02:10]} c5 {[%clk 00:17:33]} {[%emt 00:09:55]}
23. d5 {[%clk 01:08:10]} {[%emt 00:01:11]} Nf5 {[%clk 00:17:34]} {[%emt
00:00:28]} 24. Re1 {[%clk 01:07:07]} {[%emt 00:01:34]} b6 {[%clk 00:16:14]}
{[%emt 00:01:50]} 25. Qb1 {[%clk 01:03:00]} {[%emt 00:04:36]} Re8 {[%clk
00:15:44]} {[%emt 00:01:01]} 26. Rxe8+ {[%clk 01:02:08]} {[%emt 00:01:21]} Qxe8
{[%clk 00:16:08]} {[%emt 00:00:06]} 27. d6 {[%clk 01:02:19]} {[%emt 00:00:20]}
Qc6 {[%clk 00:15:17]} {[%emt 00:01:20]} 28. f3 {[%clk 01:01:15]} {[%emt
00:01:34]} Nxd6 {[%clk 00:14:17]} {[%emt 00:01:31]} 29. Qd1 {[%clk 01:00:17]}
{[%emt 00:01:28]} Ne8 {[%clk 00:14:43]} {[%emt 00:00:04]} 30. Rd7 {[%clk
00:59:25]} {[%emt 00:01:22]} a5 {[%clk 00:13:00]} {[%emt 00:02:13]} 31. Qd5
{[%clk 00:58:14]} {[%emt 00:01:41]} Qe6 {[%clk 00:10:01]} {[%emt 00:03:28]} 32.
Qxe6 {[%clk 00:56:59]} {[%emt 00:01:46]} Rxe6 {[%clk 00:09:13]} {[%emt
00:01:18]} 33. Rd8 {[%clk 00:57:02]} {[%emt 00:00:28]} Kf8 {[%clk 00:09:23]}
{[%emt 00:00:20]} 34. Rd7 {[%clk 00:56:56]} {[%emt 00:00:36]} Re7 {[%clk
00:07:42]} {[%emt 00:02:10]} 35. Rd8 {[%clk 00:57:10]} {[%emt 00:00:15]} Re6
{[%clk 00:07:38]} {[%emt 00:00:34]} 36. Rd7 {[%clk 00:57:17]} {[%emt 00:00:24]}
Nf6 {[%clk 00:03:59]} {[%emt 00:04:09]} 37. Rb7 {[%clk 00:57:31]} {[%emt
00:00:16]} Ke8 {[%clk 00:03:51]} {[%emt 00:00:39]} 38. Bc7 {[%clk 00:57:08]}
{[%emt 00:00:50]} Nd7 {[%clk 00:03:40]} {[%emt 00:00:42]} 39. Kf2 {[%clk
00:56:50]} {[%emt 00:00:48]} Ke7 {[%clk 00:03:36]} {[%emt 00:00:35]} 40. g4
{[%clk 00:56:57]} {[%emt 00:00:23]} g5 {[%clk 00:01:41]} {[%emt 00:02:25]} 41.
Ra7 {[%clk 00:56:50]} {[%emt 00:00:36]} Rc6 {[%clk 00:28:47]} {[%emt 00:03:24]}
42. Ke3 {[%clk 01:26:46]} {[%emt 00:00:34]} Ke6 {[%clk 00:23:31]} {[%emt
00:05:45]} 43. f4 {[%clk 01:26:24]} {[%emt 00:00:53]} gxf4+ {[%clk 00:17:09]}
{[%emt 00:06:51]} 1/2-1/2

[Event "DEM U14 2023"]
[Site "Willingen GER"]
[Date "2023.05.31"]
[Round "5"]
[White "Ahryzkov, Ivan"]
[Black "Skembris, Simon Max"]
[Result "1-0"]
[Termination "normal"]
[Board "23"]
[WhiteElo "1494"]
[BlackElo "1967"]
[WhiteClock "00:45:59"]
[BlackClock "00:43:31"]
[PlyCount "43"]
[WhiteFideId "34123750"]
[BlackFideId "16281381"]
[EventCountry "GER"]
[EventRounds "9"]
[EventType "swiss"]
[EventDate "2023.05.27"]

1. e4 {[%clk 01:30:59]} {[%emt 18:09:37]} c5 {[%clk 01:30:49]} {[%emt
00:00:12]} 2. b4 {[%clk 01:30:07]} {[%emt 00:01:22]} cxb4 {[%clk 01:29:56]}
{[%emt 00:01:23]} 3. d4 {[%clk 01:30:31]} {[%emt 00:00:05]} e6 {[%clk
01:28:45]} {[%emt 00:01:42]} 4. c3 {[%clk 01:28:37]} {[%emt 00:02:24]} d5
{[%clk 01:24:13]} {[%emt 00:05:00]} 5. e5 {[%clk 01:26:36]} {[%emt 00:02:32]}
Nc6 {[%clk 01:19:50]} {[%emt 00:04:54]} 6. Nf3 {[%clk 01:25:59]} {[%emt
00:01:07]} bxc3 {[%clk 01:13:24]} {[%emt 00:06:56]} 7. Nxc3 {[%clk 01:26:21]}
{[%emt 00:00:07]} f6 {[%clk 01:13:10]} {[%emt 00:00:42]} 8. Bd3 {[%clk
01:13:56]} {[%emt 00:12:57]} Be7 {[%clk 01:07:53]} {[%emt 00:05:46]} 9. O-O
{[%clk 01:07:16]} {[%emt 00:07:10]} a6 {[%clk 01:05:02]} {[%emt 00:03:22]} 10.
Rb1 {[%clk 01:05:27]} {[%emt 00:02:18]} Bb4 {[%clk 01:01:41]} {[%emt 00:03:52]}
11. Bd2 {[%clk 01:00:08]} {[%emt 00:05:49]} fxe5 {[%clk 00:55:48]} {[%emt
00:06:23]} 12. Nxe5 {[%clk 01:00:12]} {[%emt 00:00:26]} Nxe5 {[%clk 00:55:23]}
{[%emt 00:00:55]} 13. dxe5 {[%clk 01:00:35]} {[%emt 00:00:06]} Bc5 {[%clk
00:53:30]} {[%emt 00:02:23]} 14. Qh5+ {[%clk 00:51:16]} {[%emt 00:09:49]} Kf8
{[%clk 00:49:39]} {[%emt 00:04:22]} 15. Na4 {[%clk 00:47:56]} {[%emt 00:03:50]}
Ba7 {[%clk 00:47:14]} {[%emt 00:02:55]} 16. Bb4+ {[%clk 00:45:19]} {[%emt
00:03:06]} Ne7 {[%clk 00:47:15]} {[%emt 00:00:29]} 17. Bg6 {[%clk 00:45:05]}
{[%emt 00:00:44]} Kg8 {[%clk 00:43:36]} {[%emt 00:04:09]} 18. Bf7+ {[%clk
00:45:08]} {[%emt 00:00:26]} Kf8 {[%clk 00:44:01]} {[%emt 00:00:07]} 19. Qf3
{[%clk 00:45:19]} {[%emt 00:00:18]} g6 {[%clk 00:43:04]} {[%emt 00:01:28]} 20.
Bxg6+ {[%clk 00:45:17]} {[%emt 00:00:32]} Kg7 {[%clk 00:43:08]} {[%emt
00:00:27]} 21. Qf7+ {[%clk 00:45:37]} {[%emt 00:00:08]} Kh6 {[%clk 00:43:31]}
{[%emt 00:00:08]} 22. Bd2+ {[%clk 00:45:59]} {[%emt 00:00:08]} 1-0

[Event "DEM U14 2023"]
[Site "Willingen GER"]
[Date "2023.05.31"]
[Round "5"]
[White "Tabales, Lennart"]
[Black "Halich, Jan Finnian"]
[Result "1/2-1/2"]
[Termination "normal"]
[Board "24"]
[WhiteElo "1374"]
[BlackElo "1134"]
[WhiteClock "00:01:33"]
[BlackClock "00:07:25"]
[PlyCount "71"]
[WhiteFideId "34604057"]
[BlackFideId "34623710"]
[EventCountry "GER"]
[EventRounds "9"]
[EventType "swiss"]
[EventDate "2023.05.27"]

1. e4 {[%clk 01:30:59]} {[%emt 00:00:02]} e6 {[%clk 01:30:54]} {[%emt
00:00:06]} 2. d4 {[%clk 01:31:00]} {[%emt 00:00:29]} d5 {[%clk 01:30:51]}
{[%emt 00:00:33]} 3. Nd2 {[%clk 01:30:36]} {[%emt 00:00:54]} c5 {[%clk
01:30:27]} {[%emt 00:00:54]} 4. c3 {[%clk 01:30:03]} {[%emt 00:01:03]} Nc6
{[%clk 01:29:24]} {[%emt 00:01:33]} 5. Ngf3 {[%clk 01:26:12]} {[%emt 00:04:21]}
dxe4 {[%clk 01:16:59]} {[%emt 00:12:55]} 6. Nxe4 {[%clk 01:24:49]} {[%emt
00:01:53]} cxd4 {[%clk 01:15:48]} {[%emt 00:01:42]} 7. cxd4 {[%clk 01:19:57]}
{[%emt 00:05:22]} Nf6 {[%clk 01:09:42]} {[%emt 00:06:35]} 8. Bd3 {[%clk
01:11:25]} {[%emt 00:09:02]} Bb4+ {[%clk 00:59:36]} {[%emt 00:10:33]} 9. Bd2
{[%clk 01:08:53]} {[%emt 00:03:06]} Bxd2+ {[%clk 00:54:27]} {[%emt 00:05:38]}
10. Qxd2 {[%clk 01:07:41]} {[%emt 00:01:42]} O-O {[%clk 00:45:19]} {[%emt
00:09:39]} 11. O-O {[%clk 00:51:31]} {[%emt 00:16:39]} Kh8 {[%clk 00:39:19]}
{[%emt 00:06:31]} 12. Nxf6 {[%clk 00:39:09]} {[%emt 00:12:52]} Qxf6 {[%clk
00:39:23]} {[%emt 00:00:26]} 13. Be4 {[%clk 00:37:22]} {[%emt 00:02:16]} Bd7
{[%clk 00:30:36]} {[%emt 00:09:18]} 14. Rfe1 {[%clk 00:33:27]} {[%emt
00:04:25]} Rad8 {[%clk 00:25:46]} {[%emt 00:05:20]} 15. Rad1 {[%clk 00:30:55]}
{[%emt 00:03:01]} Rfe8 {[%clk 00:18:51]} {[%emt 00:07:25]} 16. Qc3 {[%clk
00:20:00]} {[%emt 00:11:26]} Rc8 {[%clk 00:14:21]} {[%emt 00:05:01]} 17. Ne5
{[%clk 00:12:38]} {[%emt 00:07:51]} Red8 {[%clk 00:11:20]} {[%emt 00:03:32]}
18. Nxc6 {[%clk 00:08:23]} {[%emt 00:04:44]} Bxc6 {[%clk 00:11:31]} {[%emt
00:00:19]} 19. Bxc6 {[%clk 00:08:03]} {[%emt 00:00:50]} Rxc6 {[%clk 00:11:52]}
{[%emt 00:00:08]} 20. Qa3 {[%clk 00:07:51]} {[%emt 00:00:42]} Ra6 {[%clk
00:11:18]} {[%emt 00:01:05]} 21. Qb4 {[%clk 00:07:20]} {[%emt 00:00:59]} Rb6
{[%clk 00:10:52]} {[%emt 00:00:43]} 22. Qd2 {[%clk 00:06:16]} {[%emt 00:01:45]}
h6 {[%clk 00:10:23]} {[%emt 00:01:03]} 23. b3 {[%clk 00:05:56]} {[%emt
00:00:50]} Rbd6 {[%clk 00:10:39]} {[%emt 00:00:12]} 24. Re4 {[%clk 00:03:11]}
{[%emt 00:03:16]} e5 {[%clk 00:09:47]} {[%emt 00:01:23]} 25. Qa5 {[%clk
00:02:02]} {[%emt 00:01:37]} Rxd4 {[%clk 00:09:03]} {[%emt 00:01:15]} 26. Rdxd4
{[%clk 00:01:58]} {[%emt 00:00:34]} Rxd4 {[%clk 00:09:21]} {[%emt 00:00:11]}
27. Rxd4 {[%clk 00:01:26]} {[%emt 00:01:05]} exd4 {[%clk 00:09:44]} {[%emt
00:00:06]} 28. Qd2 {[%clk 00:00:55]} {[%emt 00:01:01]} d3 {[%clk 00:09:00]}
{[%emt 00:01:15]} 29. Qxd3 {[%clk 00:00:53]} {[%emt 00:00:30]} Qa1+ {[%clk
00:09:23]} {[%emt 00:00:05]} 30. Qf1 {[%clk 00:01:18]} {[%emt 00:00:08]} Qxa2
{[%clk 00:09:38]} {[%emt 00:00:15]} 31. Qd1 {[%clk 00:00:38]} {[%emt 00:01:10]}
Qa5 {[%clk 00:08:52]} {[%emt 00:01:14]} 32. h3 {[%clk 00:00:47]} {[%emt
00:00:22]} b5 {[%clk 00:08:54]} {[%emt 00:00:29]} 33. Qd7 {[%clk 00:00:52]}
{[%emt 00:00:25]} f6 {[%clk 00:07:28]} {[%emt 00:01:55]} 34. Qe8+ {[%clk
00:00:54]} {[%emt 00:00:29]} Kh7 {[%clk 00:07:28]} {[%emt 00:00:31]} 35. Qe4+
{[%clk 00:01:10]} {[%emt 00:00:13]} Kg8 {[%clk 00:07:25]} {[%emt 00:00:35]} 36.
Qe8+ {[%clk 00:01:33]} {[%emt 00:00:05]} 1/2-1/2